Central Library OPAC University of Rajshahi

U.S. defense planning : (Record no. 53700)

MARC details
000 -LEADER
fixed length control field 00987nam a2200289 a 4500
001 - CONTROL NUMBER
control field 53700
003 - CONTROL NUMBER IDENTIFIER
rucl marc code BD-RjUL
005 - DATE AND TIME OF LATEST TRANSACTION
control field 20211209080014.0
008 - FIXED-LENGTH DATA ELEMENTS--GENERAL INFORMATION
fixed length control field 161023s1982 coua b 001 0 eng
020 ## - INTERNATIONAL STANDARD BOOK NUMBER
International Standard Book Number 0865315493
International Standard Book Number 086531554X (pbk.)
035 ## - SYSTEM CONTROL NUMBER
System control number (BD-RjUL)53822
040 ## - CATALOGING SOURCE
Original cataloging agency DLC
Transcribing agency DLC
Modifying agency DLC
-- BD-RjUL
Language of cataloging eng
041 ## - LANGUAGE CODE
Language code of text/sound track or separate title eng
082 00 - DEWEY DECIMAL CLASSIFICATION NUMBER
Edition number 23
Classification number 355.033573
Author mark and year COU 1982
100 1# - MAIN ENTRY--PERSONAL NAME
Personal name Collins, John M.,
Dates associated with a name 1921-
9 (RLIN) 160469
245 10 - TITLE STATEMENT
Title U.S. defense planning :
Remainder of title a critique /
Statement of responsibility, etc. John M. Collins ; Elizabeth Ann Severns and Thomas P. Glakas, research assistants.
260 ## - PUBLICATION, DISTRIBUTION, ETC. (IMPRINT)
Place of publication, distribution, etc. Boulder, Colo. :
Name of publisher, distributor, etc. Westview Press,
Date of publication, distribution, etc. 1982.
300 ## - PHYSICAL DESCRIPTION
Pagination xiv, 337 p. :
Illustrations ill. ;
Size 24 cm.
504 ## - BIBLIOGRAPHY, ETC. NOTE
Bibliography, etc Includes bibliographical references and index.
650 #0 - SUBJECT ADDED ENTRY--TOPICAL TERM
Topical term or geographic name as entry element Military planning
Geographic subdivision United States.
9 (RLIN) 160470
651 #0 - SUBJECT ADDED ENTRY--GEOGRAPHIC NAME
Geographic name United States
General subdivision Military policy.
9 (RLIN) 125598
700 1# - ADDED ENTRY--PERSONAL NAME
Personal name Severns, Elizabeth Ann.
Personal name Glakas, Thomas P.
942 ## - ADDED ENTRY ELEMENTS (KOHA)
Source of classification or shelving scheme Dewey Decimal Classification
Koha item type Books
Holdings
Lost status Source of classification or shelving scheme Damaged status Not for loan Collection code Permanent Location Current Location Shelving location Date acquired Source of acquisition Total Checkouts Full call number Date last seen Copy number Koha item type
  Dewey Decimal Classification     Non-fiction Central Library, University of Rajshahi Central Library, University of Rajshahi   21/07/2007 Asia Foundation   355.033573 COU 1982 23/10/2016 C-2 Books
  Dewey Decimal Classification   Not For Loan Non-fiction Central Library, University of Rajshahi Central Library, University of Rajshahi Reading Room 17/04/1990 Asia foundation   355.033573 COU 1982 28/12/2016 C-1 Books